<?xml version="1.0" encoding="UTF-8"?>
<record
    xmlns:xsi="http://www.w3.org/2001/XMLSchema-instance"
    xsi:schemaLocation="http://www.loc.gov/MARC21/slim http://www.loc.gov/standards/marcxml/schema/MARC21slim.xsd"
    xmlns="http://www.loc.gov/MARC21/slim">

  <leader>01397nab a2200229 uc4500</leader>
  <controlfield tag="001">308381</controlfield>
  <controlfield tag="005">20240615085957.0</controlfield>
  <controlfield tag="008">980923e19970301                    spa  </controlfield>
  <datafield tag="035" ind1=" " ind2=" ">
    <subfield code="a">308381</subfield>
  </datafield>
  <datafield tag="035" ind1=" " ind2=" ">
    <subfield code="a">(OCoLC)819768183</subfield>
  </datafield>
  <datafield tag="040" ind1=" " ind2=" ">
    <subfield code="c">comduadb</subfield>
  </datafield>
  <datafield tag="041" ind1=" " ind2=" ">
    <subfield code="a">spa</subfield>
  </datafield>
  <datafield tag="100" ind1="1" ind2="0">
    <subfield code="a">Labbe Gallegos, Osvaldo</subfield>
    <subfield code="4">aut</subfield>
    <subfield code="e">aut</subfield>
    <subfield code="9">287945</subfield>
  </datafield>
  <datafield tag="245" ind1="1" ind2="0">
    <subfield code="a">Reingenier&#xED;a a la funci&#xF3;n de auditor&#xED;a interna</subfield>
  </datafield>
  <datafield tag="520" ind1="3" ind2=" ">
    <subfield code="a">RESUMEN:  La reingenier&#xED;a tiene un primer  elemento basado en que ella debe partir de nuestro propio pensamiento; un segundo elemento est&#xE1; conformado por c&#xF3;mo piesa nuestro personal de su propia profesi&#xF3;n y trabajo; por &#xFA;ltimo, est&#xE1; la reingenier&#xED;a de los procesos como un elemento esencial para nuestra preparaci&#xF3;n hacia el futuro de la auditor&#xED;a interna.  La metodolog&#xED;a para la reingenier&#xED;a de procesos, fundada en cinco pasos, a saber: preparaci&#xF3;n, identificaci&#xF3;n, visi&#xF3;n, soluci&#xF3;n y transformaci&#xF3;n, a lo cual se agregan las aplicaciones posibles de los microcomputadores en la auditor&#xED;a, para terminar con el empleo exitoso del proceso de reingenier&#xED;a.</subfield>
  </datafield>
  <datafield tag="650" ind1=" " ind2="7">
    <subfield code="a">Auditor&#xED;a interna</subfield>
    <subfield code="2">lemb</subfield>
    <subfield code="9">43181</subfield>
  </datafield>
  <datafield tag="650" ind1=" " ind2=" ">
    <subfield code="a">Reingenier&#xED;a</subfield>
    <subfield code="9">1845</subfield>
  </datafield>
  <datafield tag="650" ind1=" " ind2=" ">
    <subfield code="a">Cambio organizacional - Am&#xE9;rica Latina</subfield>
    <subfield code="9">2042</subfield>
  </datafield>
  <datafield tag="650" ind1=" " ind2=" ">
    <subfield code="a">Chile</subfield>
    <subfield code="9">4712</subfield>
  </datafield>
  <datafield tag="773" ind1="0" ind2=" ">
    <subfield code="t">Contadur&#xED;a. Universidad de Antioquia (Medell&#xED;n)</subfield>
    <subfield code="g">N&#xFA;mero 30, Marzo 1997, p. 49-70</subfield>
    <subfield code="w">193902</subfield>
    <subfield code="x">0120-4203</subfield>
    <subfield code="0">88430</subfield>
  </datafield>
  <datafield tag="942" ind1=" " ind2=" ">
    <subfield code="c">ARIMP</subfield>
  </datafield>
  <datafield tag="999" ind1=" " ind2=" ">
    <subfield code="c">104902</subfield>
    <subfield code="d">104902</subfield>
  </datafield>
</record>
